| 000 | 00713nam a22001577a 4500 | ||
|---|---|---|---|
| 003 | SGT | ||
| 020 | _a9789382209232 | ||
| 082 | _a657, MON | ||
| 100 | _aMONGA J.R. | ||
| 245 | _aFINANCIAL ACCOUNTING AND AUDITING | ||
| 260 |
_aNEW DELHI _bSCHOLAR _c2013 |
||
| 300 | _aV.P. | ||
| 650 | _aACCOUNTING | ||
| 653 | _aACCOUNTING THEORY, ACCOUNTING CONCEPTS,ACCOUNTING CONVENTIONS, ACCOUNTING STANDARDS, ACCOUNTING STANDARDS (AS) DISCLOSURE OF ACCOUNTING POLICIES, ACCOUNTING STANDARDS (AS) REVENUE RECOGNITION, INTERNATIONAL FINANCIAL REPORTING STANDARDS : A BRIEF INTRODUCTION, MEASUREMENT OF INCOME, INVENTORY VALUATION, DEPRECIATION ACCOUNTING, ACCOUNTING CYCLE-1:JOURNALISING AND LEDGER | ||
| 942 |
_2ddc _cFCM _01 |
||
| 999 |
_c9172 _d9172 |
||